My slip, your fall (Record no. 75824)
[ view plain ]
| 000 -LEADER | |
|---|---|
| fixed length control field | 00780cab a2200193 4500 |
| 001 - CONTROL NUMBER | |
| control field | L130840 |
| 008 - FIXED-LENGTH DATA ELEMENTS--GENERAL INFORMATION | |
| fixed length control field | 050905n2005 000 0 eng u |
| 035 ## - SYSTEM CONTROL NUMBER | |
| System control number | (Sirsi) u130840 |
| 041 0# - LANGUAGE CODE | |
| Language code of text/sound track or separate title | eng |
| 100 1# - MAIN ENTRY--PERSONAL NAME | |
| Personal name | Button, Roger |
| 245 ## - TITLE STATEMENT | |
| Title | My slip, your fall |
| 260 ## - PUBLICATION, DISTRIBUTION, ETC. | |
| Date of publication, distribution, etc. | 2005 |
| 490 #0 - SERIES STATEMENT | |
| Series statement | Building |
| Volume/sequential designation | 270(8396) 2 September 2005, 56(1) |
| 520 ## - SUMMARY, ETC. | |
| Summary, etc. | Warns about the changes in the NEC third edition regarding the circumstances relating to compensation that allow the contractor to claim additional time and money. Clause 61.3 bars a claim by the contractor if no notice is given within eight weeks of it becoming aware of the event in question. |
| 590 ## - LOCAL NOTE (RLIN) | |
| Local note | IKA130905 |
| 650 24 - SUBJECT ADDED ENTRY--TOPICAL TERM | |
| Topical term or geographic name entry element | NEW ENGINEERING CONTRACT |
| 690 ## - LOCAL SUBJECT ADDED ENTRY--TOPICAL TERM (OCLC, RLIN) | |
| Topical term or geographic name as entry element | BUILT ENVIRONMENT-BUILDING CONTRACT FORMS |
| 942 ## - ADDED ENTRY ELEMENTS (KOHA) | |
| Suppress in OPAC | 0 |
| Withdrawn status | Lost status | Source of classification or shelving scheme | Damaged status | Not for loan | Home library | Current library | Shelving location | Date acquired | Total Checkouts | Full call number | Barcode | Date last seen | Copy number | Price effective from | Koha item type |
|---|---|---|---|---|---|---|---|---|---|---|---|---|---|---|---|
| Dewey Decimal Classification | London | London | Journal article | 05/09/2005 | L130840 | 130840-1001 | 06/08/2019 | 1 | 06/08/2019 | Journal article |